[Event "AUTO-ELITE-2509"]
[Site "http://www.queenalice.com/game.php?id=1826298"]
[Date "2023.11.30"]
[Round "1"]
[White "sexybunnyisatroll"]
[Black "Sexxy_Bunny"]
[Result "1/2-1/2"]
[WhiteElo "2503"]
[BlackElo "2744"]

1. d4 Nf6 2. c4 e6 3. Nf3 d5 4. e3 c6 5. b3 Nbd7 6. Bb2 Bd6 7. Bd3 O-O 8. Nbd2
b6 9. O-O Bb7 10. Qe2 Qe7 11. Rad1 Rfe8 12. Ne5 c5 13. cxd5 exd5 14. Ndf3 Rac8
15. Rc1 Red8 16. Nxd7 Nxd7 17. Rfd1 h6 18. h3 Nf8 19. Rc2 a5 20. Bb5 Ne6 21. a4
cxd4 22. Nxd4 Rxc2 23. Nxc2 Nc5 24. Nd4 Qe5 25. Nf3 Qf5 26. Qd2 d4 27. Nxd4 Qd5
28. Bf1 Be5 29. Re1 Nxb3 30. Nxb3 Qxd2 31. Nxd2 Bxb2 32. Nc4 Bc3 33. Rc1 Bb4 34.
Nxb6 g6 35. Bb5 Ba3 36. Ra1 Bb4 37. Rc1 Ba3 38. Ra1 Bb4 39. Rc1 1/2-1/2

[Event "AUTO-ELITE-2509"]
[Site "http://www.queenalice.com/game.php?id=1826299"]
[Date "2023.11.30"]
[Round "1"]
[White "Sexxy_Bunny"]
[Black "sexybunnyisatroll"]
[Result "1/2-1/2"]
[WhiteElo "2741"]
[BlackElo "2508"]

1. e4 c6 2. d4 d5 3. e5 Bf5 4. Nf3 e6 5. Be2 Nd7 6. O-O h6 7. Nbd2 Ne7 8. Nb3 g5
9. Ne1 Qc7 10. Nd3 Ng6 11. Be3 O-O-O 12. Bg4 Be4 13. g3 Kb8 14. Bh5 Rg8 15. f4
c5 16. Bxg6 Bxg6 17. Ndxc5 Nxc5 18. Nxc5 Bxc5 19. dxc5 gxf4 20. Rxf4 Qxe5 21.
Qe1 Qc7 22. Bd4 Be4 23. Qc3 Rg5 24. Bf6 Qxf4 25. Bxd8 Rg8 26. Rf1 d4 27. Qe1 Qg4
28. Rxf7 Rxd8 29. Rf4 Qh5 30. Qxe4 Qxc5 31. Kg2 Rc8 32. Kh3 Qh5+ 33. Kg2 Qc5 34.
c3 dxc3 35. bxc3 e5 36. Rf7 Rc7 37. Rf3 Rd7 38. h4 Rd2+ 39. Kh3 Rxa2 40. Qg6 a5
41. Qxh6 Rf2 42. Rxf2 Qxf2 43. Qd6+ Ka7 44. Qxe5 Qf1+ 45. Kg4 Qd1+ 46. Kf4 a4
47. h5 Qc1+ 48. Kg4 a3 49. Qa5+ Kb8 50. Qd8+ Ka7 51. Qa5+ Kb8 52. Qd8+ Ka7 53.
Qa5+ 1/2-1/2

[Event "AUTO-ELITE-2510"]
[Site "http://www.queenalice.com/game.php?id=1826583"]
[Date "2023.12.4"]
[Round "1"]
[White "sexybunnyisatroll"]
[Black "donniedarko"]
[Result "1-0"]
[WhiteElo "2433"]
[BlackElo "2295"]

1. e4 c6 2. d4 d5 3. e5 Bf5 4. Nf3 e6 5. Be2 Nd7 6. O-O Ne7 7. c3 h6 8. a4 c5 9.
dxc5 Nxc5 10. a5 Ne4 11. Bb5+ Nc6 12. a6 1-0

[Event "AUTO-ELITE-2510"]
[Site "http://www.queenalice.com/game.php?id=1826584"]
[Date "2023.12.4"]
[Round "1"]
[White "donniedarko"]
[Black "sexybunnyisatroll"]
[Result "0-1"]
[WhiteElo "2295"]
[BlackElo "2453"]

1. d4 Nf6 2. Nf3 d5 3. c4 e6 4. Nc3 Bb4 5. Bg5 h6 6. Bxf6 Qxf6 7. e3 O-O 8. Qb3
c5 9. cxd5 exd5 10. a3 Ba5 11. Be2 c4 12. Qc2 Bf5 13. Qc1 Nc6 14. O-O Rfd8 15.
Bd1 Rab8 16. Bc2 Be6 17. a4 a6 18. Ne2 Nb4 19. Bb1 Bg4 20. Nf4 Nc6 21. Qc2 Bxf3
22. Qh7+ Kf8 23. gxf3 Nxd4 0-1

[Event "AUTO-ELITE-2510"]
[Site "http://www.queenalice.com/game.php?id=1826585"]
[Date "2023.12.4"]
[Round "1"]
[White "sexybunnyisatroll"]
[Black "trompmaster"]
[Result "1-0"]
[WhiteElo "2463"]
[BlackElo "2490"]

1. e4 d6 2. d4 Nf6 3. Nc3 e5 4. Nf3 Nbd7 5. Bc4 h6 6. a4 Be7 7. dxe5 dxe5 8. O-O
g5 9. a5 c6 10. b3 Qc7 11. Bb2 O-O 12. Ne2 Nxe4 13. Qd3 Ndc5 14. Qe3 Bf5 15. Ng3
Bg6 16. Nxe5 Bh7 17. Ng4 Qd6 18. b4 Bf6 19. bxc5 Qf4 20. Nxf6+ Nxf6 21. Qc3 1-0

[Event "AUTO-ELITE-2510"]
[Site "http://www.queenalice.com/game.php?id=1826586"]
[Date "2023.12.4"]
[Round "1"]
[White "trompmaster"]
[Black "sexybunnyisatroll"]
[Result "0-1"]
[WhiteElo "2502"]
[BlackElo "2519"]

1. Nf3 d5 2. d4 Nf6 3. c4 e6 4. Nc3 Bb4 5. Bg5 h6 6. Bxf6 Qxf6 7. e3 O-O 8. Rc1
dxc4 9. Bxc4 c5 10. O-O cxd4 11. exd4 Rd8 12. Qe2 Nc6 13. d5 Bxc3 14. dxc6 Ba5
15. b4 Bc7 16. Bxe6 Bf4 17. Bxc8 Raxc8 18. Rc4 Rxc6 19. Re4 Bc7 20. Re1 g6 21.
h4 Rc3 22. h5 g5 23. Ne5 Bxe5 24. Rxe5 Rcd3 25. Re7 Rd2 26. Qf3 Qxf3 27. gxf3
Rxa2 28. Rxb7 Rd4 29. Re8+ Kg7 30. Ree7 Rf4 31. Kg2 a5 32. Ra7 Ra3 33. bxa5
Raxf3 34. Re2 Ra3 35. Re3 Raa4 36. Rf3 Rxf3 37. Kxf3 Rh4 38. Kg3 Rxh5 39. a6 Rh4
40. Rd7 Ra4 41. Rd6 h5 42. Kg2 Ra3 43. Kg1 f6 44. Rd7+ Kg6 45. a7 g4 46. f3 Kg5
47. fxg4 hxg4 48. Kh2 f5 49. Rd5 Rxa7 50. Kg3 Ra3+ 51. Kg2 Kf4 0-1